Hotel management and operations / (Record no. 613567)
[ view plain ]
| 000 -LEADER | |
|---|---|
| fixed length control field | 01447cam a22003494a 4500 |
| 001 - CONTROL NUMBER | |
| control field | 13942489 |
| 005 - DATE AND TIME OF LATEST TRANSACTION | |
| control field | 20250414174627.0 |
| 008 - FIXED-LENGTH DATA ELEMENTS--GENERAL INFORMATION | |
| fixed length control field | 050426s2007 njua b 001 0 eng |
| 010 ## - LIBRARY OF CONGRESS CONTROL NUMBER | |
| LC control number | 2005011811 |
| 020 ## - INTERNATIONAL STANDARD BOOK NUMBER | |
| International Standard Book Number | 9780470177143 |
| 020 ## - INTERNATIONAL STANDARD BOOK NUMBER | |
| International Standard Book Number | 9780471470656 |
| 035 ## - SYSTEM CONTROL NUMBER | |
| System control number | (OCoLC)ocm60187997 |
| 040 ## - CATALOGING SOURCE | |
| Original cataloging agency | DLC |
| Transcribing agency | DLC |
| Modifying agency | YDX |
| -- | BAKER |
| -- | TKN |
| -- | VP@ |
| -- | NLGGC |
| -- | DLC |
| 042 ## - AUTHENTICATION CODE | |
| Authentication code | pcc |
| 050 00 - LIBRARY OF CONGRESS CALL NUMBER | |
| Classification number | TX911.3.M27 |
| Item number | H663 2007 |
| 082 00 - DEWEY DECIMAL CLASSIFICATION NUMBER | |
| Classification number | 647.94068 |
| Edition number | 5th Edition |
| Author Mark | RUT |
| 084 ## - OTHER CLASSIFICATION NUMBER | |
| Classification number | 49.55 |
| Number source | bcl |
| 245 00 - TITLE STATEMENT | |
| Title | Hotel management and operations / |
| Statement of responsibility, etc. | edited by Denney G. Rutherford, Michael J. O'Fallon. |
| 250 ## - EDITION STATEMENT | |
| Edition statement | 5th ed. |
| 260 ## - PUBLICATION, DISTRIBUTION, ETC. | |
| Place of publication, distribution, etc. | Hoboken, N.J. : |
| Name of publisher, distributor, etc. | John Wiley, |
| Date of publication, distribution, etc. | 2011. |
| 300 ## - PHYSICAL DESCRIPTION | |
| Extent | xviii, 494 p. : |
| Other physical details | ill. ; |
| Dimensions | 24 cm. |
| 504 ## - BIBLIOGRAPHY, ETC. NOTE | |
| Bibliography, etc. note | Includes bibliographical references and index. |
| 650 #0 - SUBJECT ADDED ENTRY--TOPICAL TERM | |
| Topical term or geographic name entry element | Hotel management. |
| 9 (RLIN) | 73697 |
| 700 1# - ADDED ENTRY--PERSONAL NAME | |
| Personal name | Rutherford, Denney G., |
| Dates associated with a name | 1942-2015. |
| 9 (RLIN) | 128661 |
| 700 1# - ADDED ENTRY--PERSONAL NAME | |
| Personal name | O'Fallon, Michael J. |
| 9 (RLIN) | 128662 |
| 856 41 - ELECTRONIC LOCATION AND ACCESS | |
| Materials specified | Table of contents |
| Uniform Resource Identifier | <a href="http://www.loc.gov/catdir/toc/ecip0512/2005011811.html">http://www.loc.gov/catdir/toc/ecip0512/2005011811.html</a> |
| 856 42 - ELECTRONIC LOCATION AND ACCESS | |
| Materials specified | Publisher description |
| Uniform Resource Identifier | <a href="http://www.loc.gov/catdir/enhancements/fy0622/2005011811-d.html">http://www.loc.gov/catdir/enhancements/fy0622/2005011811-d.html</a> |
| 856 42 - ELECTRONIC LOCATION AND ACCESS | |
| Materials specified | Contributor biographical information |
| Uniform Resource Identifier | <a href="http://www.loc.gov/catdir/enhancements/fy0658/2005011811-b.html">http://www.loc.gov/catdir/enhancements/fy0658/2005011811-b.html</a> |
| 906 ## - LOCAL DATA ELEMENT F, LDF (RLIN) | |
| a | 7 |
| b | cbc |
| c | orignew |
| d | 1 |
| e | ecip |
| f | 20 |
| g | y-gencatlg |
| 942 ## - ADDED ENTRY ELEMENTS (KOHA) | |
| Source of classification or shelving scheme | |
| Koha item type | Book |
| Withdrawn status | Lost status | Source of classification or shelving scheme | Damaged status | Not for loan | Permanent Location | Current Location | Shelving location | Date acquired | Source of acquisition | Cost, normal purchase price | Total Checkouts | Full call number | Barcode | Date last seen | Price effective from | Koha item type |
|---|---|---|---|---|---|---|---|---|---|---|---|---|---|---|---|---|
| Central Library (CL) | Central Library (CL) | Operation Management | 04/14/2025 | Allied Book Co | 36159.30 | 647.94068 RUT | CL-1651 | 04/14/2025 | 04/14/2025 | Book |
